<?xml version="1.0" encoding="UTF-8"?>
<record
    xmlns:xsi="http://www.w3.org/2001/XMLSchema-instance"
    xsi:schemaLocation="http://www.loc.gov/MARC21/slim http://www.loc.gov/standards/marcxml/schema/MARC21slim.xsd"
    xmlns="http://www.loc.gov/MARC21/slim">

  <leader>02715nam a22002537a 4500</leader>
  <controlfield tag="005">20240305165504.0</controlfield>
  <controlfield tag="007">cr||||   |||| </controlfield>
  <controlfield tag="008">180405s2017    es |||||s|||| 00||0 spa d</controlfield>
  <datafield tag="020" ind1=" " ind2=" ">
    <subfield code="a">978-84-9148-487-5</subfield>
  </datafield>
  <datafield tag="035" ind1=" " ind2=" ">
    <subfield code="a">21315</subfield>
  </datafield>
  <datafield tag="040" ind1=" " ind2=" ">
    <subfield code="a">vLex</subfield>
  </datafield>
  <datafield tag="090" ind1=" " ind2=" ">
    <subfield code="c">7664</subfield>
    <subfield code="d">7664</subfield>
  </datafield>
  <datafield tag="100" ind1="1" ind2=" ">
    <subfield code="a">Garc&#xED;a Romero, Bel&#xE9;n</subfield>
  </datafield>
  <datafield tag="245" ind1="1" ind2="0">
    <subfield code="a">Cuestiones actuales de la prestaci&#xF3;n farmac&#xE9;utica y los medicamentos</subfield>
    <subfield code="h">[Recurso electr&#xF3;nico] /</subfield>
    <subfield code="c">Bel&#xE9;n Garc&#xED;a Romero</subfield>
  </datafield>
  <datafield tag="256" ind1=" " ind2=" ">
    <subfield code="a">Servicio en l&#xED;nea</subfield>
  </datafield>
  <datafield tag="260" ind1=" " ind2=" ">
    <subfield code="a">Madrid:</subfield>
    <subfield code="b">Dykinson,</subfield>
    <subfield code="c">2017</subfield>
  </datafield>
  <datafield tag="300" ind1=" " ind2=" ">
    <subfield code="a">1 recurso electr&#xF3;nico</subfield>
  </datafield>
  <datafield tag="500" ind1=" " ind2=" ">
    <subfield code="a">El derecho a la protecci&#xF3;n de la salud, del que forma parte inherente la prestaci&#xF3;n farmac&#xE9;utica, est&#xE1; reconocido en el art. 43 CE dentro de los principios rectores de la pol&#xED;tica social y econ&#xF3;mica. Tal configuraci&#xF3;n implica que su exigibilidad requiere de la intervenci&#xF3;n normativa del legislador, a quien compete definir los &#x93;derechos y deberes de todos al respecto&#x94; (art. 43.1 CE) y, al mismo tiempo, &#x93;organizar y tutelar la salud p&#xFA;blica a trav&#xE9;s de medidas preventivas y de las prestaciones y servicios necesarios&#x94; (art. 43.2 CE). En desarrollo de este mandato constitucional, la actuaci&#xF3;n de los poderes p&#xFA;blicos en el &#xE1;mbito de la prestaci&#xF3;n farmac&#xE9;utica se desarrolla en dos planos diferentes. De un lado, aquellos deben adoptar las medidas necesarias para garantizar el acceso a la prestaci&#xF3;n farmac&#xE9;utica a las personas que lo necesiten y, de otro, deben garantizar la seguridad y la calidad de los medicamentos. Esta doble vertiente est&#xE1; presente en la obra titulada &#x93;Cuestiones actuales de la prestaci&#xF3;n farmac&#xE9;utica y los medicamentos&#x94;, donde los autores reflexionan sobre los m&#xFA;ltiples problemas jur&#xED;dicos que se plantean en la materia tales como la investigaci&#xF3;n farmac&#xE9;utica, los sujetos protegidos en el actual sistema nacional de salud, el contenido de la prestaci&#xF3;n farmac&#xE9;utica y su financiaci&#xF3;n, la libre competencia en el mercado de los medicamentos y la publicidad de los mismos, la distribuci&#xF3;n de los productos sanitarios, la posible responsabilidad civil del farmac&#xE9;utico, as&#xED; como el tratamiento de la talidomida y de las enfermedades raras.</subfield>
  </datafield>
  <datafield tag="506" ind1="1" ind2=" ">
    <subfield code="a">Disponible solo en los productos indicados</subfield>
    <subfield code="d">vLex Global</subfield>
    <subfield code="d">vLex Global (Academic Edition, excluding Law Schools)</subfield>
    <subfield code="d">vLex Global (U.S. Academic Edition, Law Schools)</subfield>
    <subfield code="d">vLex Global (U.S. Academic Edition, excluding Law Schools)</subfield>
    <subfield code="d">vLex Global (Academic Edition, Law Schools)</subfield>
  </datafield>
  <datafield tag="650" ind1="0" ind2="4">
    <subfield code="a">Derecho Laboral y Seguridad Social</subfield>
    <subfield code="z">Espa&#xF1;a</subfield>
  </datafield>
  <datafield tag="740" ind1="0" ind2=" ">
    <subfield code="a">vLex Libros (Servicio en l&#xED;nea)</subfield>
  </datafield>
  <datafield tag="856" ind1="4" ind2="0">
    <subfield code="u">https://app.vlex.com/#/sources/cuestiones-actuales-de-la-prestacion-farmaceutica-y-los-medicamentos-21315</subfield>
  </datafield>
  <datafield tag="942" ind1=" " ind2=" ">
    <subfield code="c">RAA</subfield>
  </datafield>
  <datafield tag="952" ind1=" " ind2=" ">
    <subfield code="0">0</subfield>
    <subfield code="1">0</subfield>
    <subfield code="4">0</subfield>
    <subfield code="7">0</subfield>
    <subfield code="8">VLEX</subfield>
    <subfield code="9">323878</subfield>
    <subfield code="a">BD-UIN</subfield>
    <subfield code="b">BD-UIN</subfield>
    <subfield code="d">2024-03-05</subfield>
    <subfield code="l">0</subfield>
    <subfield code="p">21315</subfield>
    <subfield code="r">2024-03-05</subfield>
    <subfield code="w">2024-03-05</subfield>
    <subfield code="y">RAA</subfield>
  </datafield>
  <datafield tag="999" ind1=" " ind2=" ">
    <subfield code="c">165901</subfield>
    <subfield code="d">165901</subfield>
  </datafield>
</record>
